|
|
|
|
| LEADER |
01173ppm a22003018a 4500 |
| 001 |
00036501 |
| 005 |
20171026081025.0 |
| 008 |
170306s2011 ||||||Viesd |
| 041 |
0 |
# |
|a Vie
|
| 082 |
1 |
4 |
|a 959.703 2
|b C514V
|
| 100 |
1 |
# |
|a Lưu, Thị Vân Hà
|
| 245 |
0 |
0 |
|a Cuộc vận động giải phóng dân tộc ở Kiên Giang từ năm 1939 đến năm 1945
|b Luận văn thạc Khoa học Lịch sử . Chuyên ngành: Lịch Sử Việt Nam. Mã số: 60 22 54
|c Lưu Thị Vân Hà; Nguyễn Trọng Văn(hướng dẫn)
|
| 260 |
# |
# |
|b Đại học Vinh
|c 2011
|a Vinh
|
| 300 |
# |
# |
|a 151tr.
|c 30cm.
|
| 500 |
# |
# |
|a ĐTTTS ghi: Bộ giáo dục và đào tạo. Đại học Vinh
|
| 653 |
# |
# |
|a Giáo dục
|
| 653 |
# |
# |
|a Giải phóng dân tộc
|
| 653 |
# |
# |
|a Việt Nam
|
| 653 |
# |
# |
|a Luận văn
|
| 653 |
# |
# |
|a Kiên Giang
|
| 700 |
1 |
# |
|a Nguyễn Trọng Văn
|e Hướng dẫn
|
| 852 |
# |
# |
|j LV.0000920
|
| 852 |
# |
# |
|b Kho đọc SĐH
|j LV.0000920
|
| 910 |
|
|
|d 06/03/2017
|
| 980 |
# |
# |
|a Trung tâm Học liệu Lê Vũ Hùng, Trường Đại học Đồng Tháp
|